000 00522nam a22001937a 4500
001 00028779
005 20260415090404.0
008 260415b ag ||||| |||| 00| 0 spa d
020 _a842200916
040 _bspa
_cAR-CcCEOS
080 _a282.092
090 _bJUA
100 0 _aJuan Pablo
_bII,
_cPapa, Santo,
_d1920-2005
_91048
245 _a Peregrinación apostolica a Polonia /
_cJuan Pablo II
260 _aMadrid :
_bEdica,
_c1979.
300 _a257 p. ;
_c23x12 cm.
650 0 _areligión
942 _2udc
_cBK
999 _c28814
_d28814
945 _a66467
_bMelina Rolando
_c66467
_dMelina Rolando